00311nam a2200133Ia 4500003000400000005001700004008004000021040000700061041000800068082001100076100001500087245003200102260004300134OSt20230316164146.0210210b1946 xxu||||| |||| 00| 0 eng d cAL aeng a825/99 aBOAS (F S) aIntrduction to stuart drama aLondonbOxford University Pressc1946